Statistiken für Flamingoarten bestimmen

Klicken Sie hier um das Quiz zu spielen!

Allgemein

  • Dieses Quiz wurde 4 mal gespielt
  • Das Durchschnittsergebnis liegt bei 3 aus 6

Antwortstatistiken

Antwort% Korrekt
Rosaflamingo
75%
Chileflamingo
50%
Jamesflamingo
50%
Kubaflamingo
50%
Zwergflamingo
50%
Andenflamingo
25%

Verteilung der Resultate

Perzentil nach korrekt beantworteten Fragen

Anzahl Personen mit jedem Resultat

Ihre Resultats-Entwicklung

Sie haben dieses Quiz noch nicht gespielt